Concentration of economic power in India ; a statistical study of concentration and diffusion of economic power in India /

Bibliographic Details
Main Author: Mohnot, Sohan Raj
Format: Book
Language:English
Published: Allahabad : Chaitanya Pub. House, 1962.
Subjects:

MARC

Tag First Indicator Second Indicator Subfields
LEADER 00000cam a2200000 4500
001 in00000066726
005 20151008050753.0
008 770131s1962 ii a b 00000 eng
010 |a sa 63000819  
035 |a (OCoLC)02710080 
035 |9 AAG3231AM 
040 |a DLC  |c HLS  |d TXA  |d UtOrBLW 
049 |a TXAM  |c [416685] 
050 0 0 |a HC435  |b .M68 1962 
092 |a 330.954  |b M698c 
100 1 |a Mohnot, Sohan Raj. 
245 1 0 |a Concentration of economic power in India ;  |b a statistical study of concentration and diffusion of economic power in India /  |c Issued by Bureau of Economic Studies, Calcutta. 
264 1 |a Allahabad :  |b Chaitanya Pub. House,  |c 1962. 
300 |a xvi, 275 pages :  |b illustrations, diagrams, tables. ;  |c 26 cm. 
336 |a text  |b txt  |2 rdacontent 
337 |a unmediated  |b n  |2 rdamedia 
338 |a volume  |b nc  |2 rdacarrier 
500 |a A revision of the author's thesis, Allahabad University. 
504 |a Bibliography: pages [261]-268. 
651 0 |a India  |x Economic conditions. 
999 |a MARS 
999 f f |s 45f75b2d-cd26-38d3-a40e-2364aa125de9  |i 964975b8-0b01-354b-8fa1-e92c90907464  |t 0 
952 f f |p ric  |a Texas A&M University  |b Rellis Campus  |c Joint Library Facility  |d Remote Storage  |t 0  |e HC435 .M68 1962  |h Library of Congress classification  |i unmediated -- volume  |m A14800704342 
998 f f |a HC435 .M68 1962  |t 0  |l Remote Storage